| 000 | 00452nam a22001697a 4500 | ||
|---|---|---|---|
| 999 |
_c23535 _d23535 |
||
| 003 | NUST | ||
| 008 | 131217b xxu||||| |||| 00| 0 eng d | ||
| 020 |
_a13:9780120885145 _cAvailable |
||
| 038 | _aNusrat Nadeem | ||
| 050 | _b002506 | ||
| 082 | _a620.001GRA | ||
| 100 |
_gp.cm. 455p _aJeffrey O _921528 |
||
| 245 |
_aSystem Requirments Analysis _c Garad Jeffrey O |
||
| 260 |
_aUK _bElsveir _c2006 |
||
| 538 | _iSupercomputing Lab | ||
| 942 |
_2ddc _cBK |
||